Sự nghiệp đổi mới ở Việt Nam : Với cuộc đấu tranh bảo vệ độc lập dân tộc của các nước đang phát triển sau tranh lạnh

Nội dung sách giới thiệu về sự nghiệp đổi mới và kinh nghiệm bảo vệ độc lập dân tộc của Việt Nam. Những đóng góp của Việt Nam đối với cuộc đấu tranh bảo vệ độc lập dân tộc của các nước đang phát triển sau chiến tranh lạnh. Triển...

Full description

Saved in:
Bibliographic Details
Main Author: Nguyễn, Hữu Toàn
Format: Book
Language:Undetermined
Published: Hà Nội Chính trị Quốc gia - Sự thật 2013
Subjects:
Tags: Add Tag
No Tags, Be the first to tag this record!
Institutions: Trung tâm Học liệu Trường Đại học Cần Thơ
LEADER 01472nam a2200241Ia 4500
001 CTU_207503
008 210402s9999 xx 000 0 und d
020 |c 47000 
082 |a 324.2597071 
082 |b T406 
100 |a Nguyễn, Hữu Toàn 
245 0 |a Sự nghiệp đổi mới ở Việt Nam : 
245 0 |b Với cuộc đấu tranh bảo vệ độc lập dân tộc của các nước đang phát triển sau tranh lạnh 
245 0 |c Nguyễn Hữu Toàn 
260 |a Hà Nội 
260 |b Chính trị Quốc gia - Sự thật 
260 |c 2013 
520 |a Nội dung sách giới thiệu về sự nghiệp đổi mới và kinh nghiệm bảo vệ độc lập dân tộc của Việt Nam. Những đóng góp của Việt Nam đối với cuộc đấu tranh bảo vệ độc lập dân tộc của các nước đang phát triển sau chiến tranh lạnh. Triển vọng về sự phối hợp giữa Việt Nam với các nước đang phát triển trong cuộc đấu tranh bảo vệ độc lập dân tộc đến năm 2020. 
650 |a Communist parties,Vietnam,Đảng Cộng Sản,Việt Nam 
650 |x Economic policy,Chính sách kinh tế 
650 |z Vietnam,Việt Nam 
904 |i Qhieu 
980 |a Trung tâm Học liệu Trường Đại học Cần Thơ